[Event "Boksburg Inter Region-ch"]
[Site "Boksburg"]
[Date "2016.12.21"]
[Round "3.4"]
[White "Senekal, Frederick"]
[Black "Van der Westhuizen, Donald"]
[Result "0-1"]
[WhiteElo "1780"]
[BlackElo "1578"]
[PlyCount "46"]
[EventDate "2016.12.20"]
[EventType "team-swiss"]
[EventRounds "7"]
[EventCountry "RSA"]
[SourceTitle "CBM 176 Extra"]
[Source "ChessBase"]
[SourceDate "2017.03.02"]
[SourceVersion "1"]
[SourceVersionDate "2017.03.02"]
[SourceQuality "1"]
[WhiteTeam "Rebels"]
[BlackTeam "Torpedos"]
[WhiteTeamCountry "RSA"]
[BlackTeamCountry "RSA"]

1. e4 e6 2. d4 d5 3. Nd2 Nf6 4. e5 Nfd7 5. Bd3 c5 6. c3 Nc6 7. Ne2 cxd4 8. cxd4 f6 9. Nf4 Nxd4 10. Qh5+ Ke7 11. exf6+ Nxf6 12. Ng6+ hxg6 13. Qxh8 Kf7 14. Nf3 Nxf3+ 15. gxf3 Bb4+ 16. Ke2 Qxh8 17. a3 Bc5 18. Bf4 Qh4 19. Bg3 Qd4 20. Rab1 Nh5 21. Rhf1 Nf4+ 22. Bxf4 Qxf4 23. b4 Bb6 0-1